Sports Quiz

Random Sports or MLB Quiz

MLB Most Consecutive Games with HR Quiz Stats

 Plays Quiz Updated Oct 1, 2019

Score 0/27 Timer 06:00
2 Plays Today
Consecutive Games Player % Correct
7Barry Bonds
91.4%
6Barry Bonds (May 2001)
91.4%
8Ken Griffey Jr.
89.6%
6Barry Bonds (April 2001)
82.9%
6Giancarlo Stanton
72%
6Roger Maris
64.3%
6Lou Gehrig
59.2%
7Jim Thome
57.1%
8Don Mattingly
54.5%
6Willie Mays
54.2%
6Chris Davis
53.7%
6Nolan Arenado
43.8%
6Paul Goldschmidt
41.5%
6Matt Carpenter
39.6%
Consecutive Games Player % Correct
6Travis Hafner
33.3%
6Reggie Jackson
29.8%
6Daniel Murphy
21%
6Ken Williams
18.7%
6Frank Howard
16.6%
7Kendrys Morales
13.3%
8Dale Long
9.8%
6Morgan Ensberg
8.1%
7Kevin Mench
5.7%
6Graig Nettles
4.8%
6Roy Sievers
2.5%
6George Kelly
1.2%
6Walker Cooper
1.2%

You're not logged in!

Compare scores with friends on all Sporcle quizzes.
OR
Log In

Sporcle TV

Today on Sporcle TV


Watch our educational content, quiz creation guides, and fun videos on Sporcle TV.

Show Comments

Extras

Top Quizzes Today


Score Distribution

Your Account Isn't Verified!

In order to create a playlist on Sporcle, you need to verify the email address you used during registration. Go to your Sporcle Settings to finish the process.

Report this User

Report this user for behavior that violates our Community Guidelines.

Details: